Dua Lipa - Radical Optimism - Statistics

General Stats
  • This quiz has been taken 86 times
    26 since last reset
  • The average score is 9 of 12
Answer Stats
2024 Radical Optimism % Correct
7 Illusion
94%
3 Training Season
94%
1 End Of An Era
88%
2 Houdini
88%
10 Maria
88%
5 Whatcha Doing
88%
8 Falling Forever
81%
6 French Exit
81%
4 These Walls
81%
9 Anything For Love
75%
11 Happy For You
63%
12 Dance The Night
13%
No matching quizzes found
Score Distribution
Percent of People with Each Score
Percentile by Number Answered
Your Score History
You have not taken this quiz since the last reset